Ứng dụng phản ứng Japp–Klingemann để tổng hợp một số dẫn xuất Pyrazolo-pyridazine : Báo cáo tổng kết đề tài Khoa học và Công nghệ cấp trường

Nghiên cứu tổng hợp 8 dẫn xuất pyrazolo-pyridazine và tổng hợp 4 dẫn xuất pyrazolo-pyridazine mở rộng

Saved in:
Bibliographic Details
Main Author: Trần, Quang Đệ
Format: Book
Language:Undetermined
Published: Cần Thơ Trường Đại học Cần Thơ 2018
Subjects:
Tags: Add Tag
No Tags, Be the first to tag this record!
Institutions: Trung tâm Học liệu Trường Đại học Cần Thơ
LEADER 01022nam a2200229Ia 4500
001 CTU_229284
008 210402s9999 xx 000 0 und d
082 |a 547.2 
082 |b Đ250 
088 |a T2017-17 
100 |a Trần, Quang Đệ 
245 0 |a Ứng dụng phản ứng Japp–Klingemann để tổng hợp một số dẫn xuất Pyrazolo-pyridazine : 
245 0 |b Báo cáo tổng kết đề tài Khoa học và Công nghệ cấp trường 
245 0 |c Trần Quang Đệ (Chủ nhiệm đề tài) 
260 |a Cần Thơ 
260 |b Trường Đại học Cần Thơ 
260 |c 2018 
520 |a Nghiên cứu tổng hợp 8 dẫn xuất pyrazolo-pyridazine và tổng hợp 4 dẫn xuất pyrazolo-pyridazine mở rộng 
650 |a Hợp chất hữu cơ,Organic compounds 
650 |x Tổng hợp,Synthesis 
910 |b nthai 
980 |a Trung tâm Học liệu Trường Đại học Cần Thơ